Cheng yu zhen tan Y dang an / (Record no. 141800)

MARC details
000 -LEADER
fixed length control field 01085nam a2200337 a 4500
001 - CONTROL NUMBER
control field vtls000740033
003 - CONTROL NUMBER IDENTIFIER
control field PNM
005 - DATE AND TIME OF LATEST TRANSACTION
control field 20180728145912.0
008 - FIXED-LENGTH DATA ELEMENTS--GENERAL INFORMATION
fixed length control field 140423t20132013si a j 000 1dchi d
020 ## - INTERNATIONAL STANDARD BOOK NUMBER
International Standard Book Number 9789810761264
Terms of availability RM21.50
Qualifying information paperback
040 ## - CATALOGING SOURCE
Original cataloging agency PNM
Language of cataloging chi
Transcribing agency PNM
Description conventions rda
Modifying agency PPAK
082 04 - DEWEY DECIMAL CLASSIFICATION NUMBER
Classification number 495.186
Edition number 23
090 10 - LOCALLY ASSIGNED LC-TYPE CALL NUMBER (OCLC); LOCAL CALL NUMBER (RLIN)
Classification number (OCLC) (R) ; Classification number, CALL (RLIN) (NR) 495.186
Feature heading MOS
Feature heading K
100 1# - MAIN ENTRY--PERSONAL NAME
Personal name Mo, Sili
Relator term author
245 10 - TITLE STATEMENT
Title Cheng yu zhen tan Y dang an /
Statement of responsibility, etc. Xu Rongzhe, zong ce hua ; Mosili wen ; Juzi tu
250 ## - EDITION STATEMENT
Edition statement Chu ban.
264 ## - PRODUCTION, PUBLICATION, DISTRIBUTION, MANUFACTURE, AND COPYRIGHT NOTICE
Place of production, publication, distribution, manufacture Singapore :
Name of producer, publisher, distributor, manufacturer Ling zi chuan mei,
Date of production, publication, distribution, manufacture, or copyright notice 2013
Date of production, publication, distribution, manufacture, or copyright notice ©2013
300 ## - PHYSICAL DESCRIPTION
Extent 94 pages :
Other physical details colour illustrations ;
Dimensions 21cm
336 ## - CONTENT TYPE
Source rdacontent
Content type term text
337 ## - MEDIA TYPE
Source rdamedia
Media type term unmediated
338 ## - CARRIER TYPE
Source rdacarrier
Carrier type term volume
490 1# - SERIES STATEMENT
Series statement Xu Rongzhe cheng yu xue yuan ;
Volume/sequential designation 02
650 10 - SUBJECT ADDED ENTRY--TOPICAL TERM
Topical term or geographic name entry element Chinese language
General subdivision Idioms
Form subdivision Juvenile literature
Topical term or geographic name entry element Chinese language
General subdivision Readers
Form subdivision Juvenile fiction
Topical term or geographic name entry element Children's stories, Chinese
700 1# - ADDED ENTRY--PERSONAL NAME
Personal name Xu, Rongzhe
Relator term author
Personal name Juzi
Relator term illustrator
830 #0 - SERIES ADDED ENTRY--UNIFORM TITLE
Uniform title Xu Rongzhe cheng yu xue yuan ;
Volume/sequential designation 02
942 ## - ADDED ENTRY ELEMENTS (KOHA)
Source of classification or shelving scheme Dewey Decimal Classification
Koha item type Book
Holdings
Withdrawn Not for loan Current library Shelving location Date acquired Total Checkouts Total Renewals Full call number Barcode Date last seen Date last checked out Koha item type
    Perpustakaan Alor Setar Pinjaman Kanak-kanak 08/02/2018 21 4 K 495.186 MOS A01565174 01/11/2025 11/10/2025 Book